000 00293nam a2200121Ia 4500
005 20251222144751.0
008 251222s9999||||xx |||||||||||||| ||spa||
082 _a027.006/B42
100 _aBenavente Zavala, Martín
245 0 _aPara avanzar...
264 _bFondo Pro Archivo
942 _cLIB
999 _c19347
_d19347